[Event "Dubai op 6th"]
[Site "Dubai"]
[Date "2004.04.24"]
[Round "6"]
[White "Carlsen, Magnus"]
[Black "Jobava, Baadur"]
[Result "1/2-1/2"]
[WhiteElo "2552"]
[BlackElo "2616"]
[Annotator "Roiz,Michael"]
[PlyCount "54"]
[EventDate "2004.04.19"]
[EventType "swiss"]
[EventRounds "9"]
[EventCountry "UAE"]
[SourceTitle "CBM 101"]
[Source "ChessBase"]
[SourceDate "2004.07.27"]
[SourceVersion "1"]
[SourceVersionDate "2004.07.27"]
[SourceQuality "1"]

{[%mdl 32]} 1. d4 {Leko,Peter} Nf6 2. Bg5 Ne4 3. Bf4 d5 4. e3 {A solid continuation.} ({The alternatives are:} 4. f3) ({and} 4. Nd2) 4... c6 {That move has already tried by strong GM's. Black prevents c2-c4 and wants to get a ''Slav'' type of position.} ({The most common continuations are:} 4... Bf5) (4... e6) ({and} 4... c5) 5. Bd3 {The most natural and common move. White completes the development and intending to advance his ''c'' pawn.} ({After} 5. f3 Nf6 6. c4 e6 7. Nc3 Nbd7 {black has a good version of ''Meran'' variation due to white's pawn on f3, which takes an important square for g1.}) (5. Nd2 Nxd2 6. Qxd2 Bf5 7. f3 e6 8. g4 Bg6 9. h4 h6 (9... h5 $5) 10. Ne2 Bd6 11. O-O-O Qc7 12. Bxd6 Qxd6 13. Nf4 Bh7 14. g5 $36 {1-0 Piket,J-Miles,R/Sremic Krsko 1998/EXT 99 (34)}) 5... Nf6 {In my opinion,after that move black cannot hope for an equalizing, since white has won a tempo for his development and can prepare a standard plan with c2-c4.} (5... Nd7 6. Bxe4 dxe4 7. Nc3 Nf6 8. Nge2 Bf5 9. Ng3 e6 10. Bg5 Bb4 11. O-O Bxc3 12. bxc3 h6 13. Bxf6 Qxf6 14. f3 Qg5 15. f4 $14 {½-½ Zaichik,G-Anand,V/Coimbatore 1987/EXT 97 (55)}) (5... Qb6 6. Bxe4 ({RR} 6. Bxe4 Qxb2 7. Nd2 dxe4 8. Nxe4 Qb4+ 9. c3 Qa5 10. Nf3 Nd7 11. O-O g6) 6... Qxb2 7. Nd2 dxe4 8. Ne2 Nd7 9. Nxe4 g6 10. O-O Bg7 11. Qd3 Qb6 12. a4 O-O 13. a5 Qd8 14. Qc3 $14 {1-0 Hodgson,J-Smejkal,J/Germany 1996/GER-chT (34)}) ({comes to consideration:} 5... Nd6 $5 6. Nf3 (6. Nd2 Nd7 7. Ne2 g6 8. h4 h5 9. c3 Bg7 10. Nf3 Nf6 11. Ng5 Bf5 {½-½ Prie,E-Istratescu,A/Nantes FRA 2003 (11)}) 6... Bg4 7. Nbd2 e6 8. c3 Nd7 9. Qc2 Bh5 10. O-O Bg6 11. Rae1 Be7 12. Bxg6 hxg6 13. c4 Nxc4 14. Nxc4 dxc4 15. Qxc4 Nb6 16. Qc2 Bd6 17. Ne5 Qc7 18. Rc1 Nd7 $11 {½-½ Le Roux,J-Istratescu,A/Guingamp FRA 2004 (90)}) ({RR} 5... Qb6 6. Qc1 Qa5+ ({RR} 6... Nd7 7. Bxe4 dxe4 8. Nd2 Nf6 9. Ne2 Bf5 10. Ng3 Bg6 11. Be5) 7. c3 Bf5 8. f3 ({RR} 8. Qc2 Bg6 9. f3 Nf6 10. e4 e6) 8... Nd6 9. Bxf5 Nxf5 10. e4 Nh4 11. Bg3 Ng6 12. Ne2 e6 13. Nd2 Be7 14. O-O O-O 15. Qc2 Nd7 16. Rae1 Rac8 17. b4 Qd8 ({RR} 17... Qa6) ({RR} 17... Qb6 18. Nb3) 18. Qb3 b5 19. a4 a6 20. a5 {Adams,M (2660)-Leko,P (2605) Groningen 1995 CBM 051 [Leko,Peter] ½-½ (58)} ({RR} 20. Ra1 Ra8 21. Ra2 Nb6 22. axb5 axb5)) ({RR} 5... Bf5 6. f3 Nd6 7. Bxd6 Bxd3 8. Bxb8) 6. c4 ({RR} 6. Nf3 Bg4 7. h3 Bh5 8. O-O Nbd7 9. c4 Bg6 10. Nc3 e6 11. c5 Be7 12. b4 b6 13. a4 O-O 14. Ne5 Nxe5 15. Bxe5 Nd7 16. Bg3 bxc5 17. bxc5 e5 18. Bxg6 hxg6 19. Bxe5 Nxe5 20. dxe5 Bxc5 {Perez Cruz,A (1984)-Devaev,A (2325) chess.com INT 2024 ½-½ (84)}) 6... Na6 $146 {A dubious method of development, because the knight hasn't good perspectives.} (6... e6 7. Nf3 Be7 8. Ne5 Nbd7 9. O-O O-O 10. Nd2 $14 {0-1 Heisel,G-Strizak,N/Germany 2000/EXT 2001 (46)}) (6... Be6 7. Nd2 dxc4 8. Nxc4 Bxc4 9. Bxc4 e6 10. Nf3 (10. a3 $5) 10... Bb4+ 11. Ke2 Bd6 12. Bxd6 Qxd6 13. Qb3 Nbd7 14. Rhd1 O-O 15. Kf1 $14 {½-½ Torre,E-Hort,V/Bad Homburg 1998/CBM 66 (26)}) ({RR} 6... e6 7. Nc3 Bd6 8. Bxd6 Qxd6 9. c5 Qe7 10. Nf3 Nbd7 11. Be2 e5 12. dxe5 Nxe5 13. Qd4 Nxf3+ 14. Bxf3 Bf5 15. O-O O-O {½-½ (15) Haigh,T (1882)-Holland,R (1704) Wales 2008}) ({RR} 6... g6 7. Nc3 Bg7 8. Nf3 O-O 9. O-O dxc4 10. Bxc4 Nbd7 11. h3 Nb6 12. Bb3 Nbd5 13. Be5 b6 14. Qe2 Bb7 15. Rfd1 Nxc3 16. bxc3 Qc8 17. e4 e6 18. c4 a5 19. a3 a4 20. Ba2 c5 21. d5 {Reis,P (2380)-Galego,L (2451) Natal 2016 0-1}) 7. a3 {That move is not necessary at all,but it's quite useful.} (7. Nc3 $5 Nb4 (7... Qb6 8. a3 {[%csl Ra6,Rb6]}) 8. Be2 Bf5 9. Rc1 dxc4 10. Bxc4 e6 11. Bg5 (11. Nf3 $6 Nbd5 $1 {[%csl Rf4][%cal Gd5f4]} 12. Bg5 $140 $2 Nxc3 13. bxc3 Ba3 $17 {[%csl Rc1]}) 11... Be7 12. Nf3 $14) 7... Bg4 8. Nf3 {A quiet choice. White is trying to get a stable advantage without any ''risky'' decisions.} ({Deserved attention also} 8. f3 $5 Bh5 (8... Be6 9. c5 Nh5 10. Bg5 $14) 9. Nc3 e6 10. Nge2 Nc7 (10... dxc4 11. Bxc4 Nc7 12. e4 $14) 11. c5 $36 {[%csl Rc7][%cal Gb2b4,Gg2g4,Gh2h4] and black's position is unpleasant enough-the c7 is not placed well and that doesn't allows black to prepare e6-e5. On the other hand,white may seize a lot of space,advancing his pawns on both sides.}) 8... e6 9. Nc3 Nc7 (9... dxc4 10. Bxc4 Nc7 11. Qb3 $1 Rb8 12. Ne5 $36) 10. c5 $1 {A correct decision from strategical point of view - white has to prevent the activization of c7.} ({after} 10. O-O dxc4 11. Bxc4 Ncd5 12. Bg5 Be7 $14 {white could get a very solid position.}) 10... Be7 11. b4 {Too softy! White chooses a long plan of advancing a queenside pawns.} ({White could play more energetically:} 11. Qb3 $1 Rb8 ({there is no time for} 11... Bxf3 {in view of} 12. Qxb7 $1 $18 {[%csl Rc6,Rc7]}) 12. Ne5 Bf5 (12... Bh5 13. Qa4 $1 $16 {[%csl Rc6][%cal Ge5c6]}) 13. Bxf5 exf5 14. Qc2 Qc8 15. h3 O-O 16. g4 $36 {with a dangerous initiative.}) 11... O-O 12. h3 Bh5 $6 {That allows white to create an additional target for the kside attack-that makes black's position very dangerous.} (12... Bxf3 $142 13. gxf3 (13. Qxf3 Nd7 14. O-O Re8 $14 {[%cal Ge7f6,Ge6e5]}) 13... Nd7 14. Qc2 f5 $14) 13. g4 $1 ({After} 13. O-O Nd7 14. a4 Bf6 15. Bd6 Re8 $132 {black has a reasonable counterplay in the centre.}) 13... Bg6 14. Bxg6 hxg6 15. Ne5 {This knight can be easily exchanged by black's knight.} (15. Qd3 $142 Nd7 (15... a5 16. b5 Nxb5 17. Nxb5 cxb5 18. Qxb5 $16 {[%csl Ra5,Rb7]}) 16. h4 $16) 15... a5 {In order to get some counterplay on the queenside.} (15... Nd7 $5 16. h4 Nxe5 17. Bxe5 $14) 16. h4 Nd7 17. g5 $1 $16 {It's important to fix black's pawns around black's monarch - in that case h4-h5 would be stronger, since black couldn't remove his king from the danger zone so fast.} (17. h5 $143 g5 18. Bg3 Nxe5 19. Bxe5 Bf6 $14) 17... Nxe5 18. Bxe5 axb4 19. axb4 Rxa1 {Black has to change as more pieces as he can in order to decrease white's attacking potential and to reach some space for his king by f7-f6.} (19... Qd7 20. Rxa8 Rxa8 21. h5 Bxg5 22. hxg6 fxg6 23. Qb1 $16) 20. Qxa1 f6 21. Bxc7 {White's knight is much stronger than black's bishop, but white has to play energetically in order to realize that advantage.} ({Correct was:} 21. gxf6 $142 $1 Bxf6 (21... gxf6 22. Qb1 Kf7 23. h5 gxh5 24. Bxc7 Qxc7 25. Qh7+ Ke8 26. Qxh5+ Kd7 27. Na4 $16) 22. Bg3 Qd7 23. Qb1 $16 {and black's weakneses are very vulnerable.}) 21... Qxc7 22. f4 {All white's pawns are placed ideally, so the dark-squared bishop has no perspectives.} (22. h5 gxh5 23. g6 f5 24. Qd1 (24. Rxh5 Rf6 25. Qa8+ Rf8 $11) 24... Bg5 25. Rxh5 Bh6 $132) (22. Qd1 fxg5 23. h5 (23. hxg5 Bxg5 24. Qg4 Qf7 $1 25. f4 (25. Qxg5 $2 Qxf2+ 26. Kd1 Qf3+ $19) 25... Bh6 $15) 23... gxh5 24. Qxh5 Bf6 $132) (22. Qb1 f5 (22... Kf7 $2 23. gxf6 gxf6 24. h5 gxh5 25. Qh7+ Ke8 26. Qxh5+ Kd7 27. Na4 $16) 23. f4 (23. Ne2 e5 24. dxe5 Qxe5 25. Nf4 Ra8 $132) 23... Kf7 24. h5 gxh5 25. Rxh5 Qb8 26. Qa2 Qa8 27. Rh2 $14) 22... b6 $6 {That attempt to get a counterplay on the queenside is too slowly.} ({badly was also:} 22... e5 $2 23. h5 $1 exd4 (23... exf4 24. hxg6 f5 {[%cal Ge7g5]} (24... fxe3 25. Ke2 $18) (24... fxg5) 25. Nxd5 $3 cxd5 26. Qa2 $18 {[%cal Ga2d5,Ga2h2,Gh1h8]}) 24. hxg6 dxc3 25. Qd1 $18) ({but after} 22... Kf7 $142 {black's positions seems to be defensible.}) 23. Ne2 $2 {Missing a nice attacking possibility.} (23. Qb1 $142 $1 bxc5 24. bxc5 Kf7 (24... f5 25. h5 gxh5 26. Rxh5 Rb8 27. Qa2 $36) 25. h5 gxh5 26. g6+ Ke8 27. Rxh5 Kd7 (27... f5 28. Rh7 (28. Rh2 $6 Rf6 $132) 28... Bf6 29. Rh2 $36 {[%cal Gh2b2]}) 28. Rh7 Rg8 29. Kf1 $36 {[%cal Gc3a4]} (29. Na4 $5 Qa5+ 30. Kf1 Qa6+ 31. Kf2)) 23... bxc5 24. bxc5 Qb7 {[%csl Rb1][%cal Yb7b1] Taking control on ''b1'' and threating 25...Qb4+. Now white cannot keep his monarch in the centre anymore.} 25. O-O (25. gxf6 Bxf6 26. Kf2 (26. h5 gxh5 27. Rxh5 Kf7 $11) 26... Qe7 27. Kg3 (27. Kg2 Bxh4 28. Qa6 g5 $132) 27... Kf7 $132 {[%cal Gf8h8]} 28. Ng1 $140 $2 Qxc5) 25... Kf7 $11 {[%cal Gf8h8] Now white has only a symbolic advantage, as he cannot make any progress.} 26. Kf2 (26. Rb1 $2 Qd7 $40 {[%cal Ge6e5,Gd7g4]}) 26... Rh8 27. Rb1 Qd7 ({After} 27... Qd7 28. Kg3 $11 {the draw is unavoidable, as any side cannot make progress.}) 1/2-1/2

[Event "Dubai op 6th"]
[Site "Dubai"]
[Date "2004.04.25"]
[Round "7"]
[White "Carlsen, Magnus"]
[Black "Ganguly, Surya Shekhar"]
[Result "1-0"]
[WhiteElo "2552"]
[BlackElo "2582"]
[Annotator "Roiz,Michael"]
[PlyCount "84"]
[EventDate "2004.04.19"]
[EventType "swiss"]
[EventRounds "9"]
[EventCountry "UAE"]
[SourceTitle "CBM 101"]
[Source "ChessBase"]
[SourceDate "2004.07.27"]
[SourceVersion "1"]
[SourceVersionDate "2004.07.27"]
[SourceQuality "1"]

{[%mdl 2048]} 1. d4 Nf6 2. Bg5 Ne4 3. Bf4 c5 4. f3 Nf6 {Quite a rare move nowdays, although it was played by top players.} ({The most common line is:} 4... Qa5+ 5. c3 Nf6 6. Nd2 cxd4 7. Nb3 Qb6 ({or} 7... Qd8)) 5. dxc5 b6 {That original move is logical: black wants to reach a solid pawn centre. The drawback of it is some loss of time.} ({The alternatives are:} 5... Na6 6. e4 Nxc5 7. Nc3 d6 (7... g6 8. Be3 Ne6 9. e5 Nh5 10. Qd2 Qa5 11. g4 Nhg7 12. O-O-O Qxe5 13. Bb5 Qc7 14. Nd5 $36 {1-0 Beshukov,S-Shulman,Y/Gausdal 1994/EXT 97 (29)}) 8. Qd2 Be6 (8... e5 9. Bb5+ Ncd7 10. Bg5 a6 11. Bxf6 Qxf6 12. Nd5 $14 {½-½ Hodgson,J-Reinderman,D/Leeuwarden 1993/TD (22)}) 9. Nge2 a6 10. Nd4 Bd7 11. Nb3 Na4 12. Nxa4 Bxa4 13. Be2 g6 14. O-O Bg7 15. Bh6 $14 {1-0 Hauchard,A-Bacrot,E/France 1998/CBM 64 ext (66)}) (5... Qa5+ 6. Nc3 Qxc5 7. e4 d6 (7... g6 8. Qd2 d6 9. O-O-O Bg7 10. Bh6 O-O 11. h4 Be6 12. h5 Nxh5 13. Bxg7 Kxg7 14. g4 $40 {1-0 Adams,M-Leko,P/Cap d'Agde 1996/CBM 55 ext (24)}) 8. Qd2 a6 9. O-O-O Nbd7 10. g4 (10. Nh3 b5 11. Nf2 Bb7 12. Nd3 Qc7 13. g4 Rc8 14. h4 e5 15. Bh2 Nb6 16. g5 Nc4 17. Qe1 Nd7 $132 {½-½ Hodgson,J-Vyzmanavin,A/Zaragoza 1993/EXT 97 (23)}) 10... h6 11. Nge2 (11. h4 $5) 11... b5 12. Ng3 Bb7 13. Kb1 Ne5 $132 {0-1 Grigore,G-Marin,M/Eforie Nord 2002/EXT 2003 (56)}) 6. Nc3 {White has to play very energetically in order to exploit some slowly way of development-5...b6.} (6. e4 bxc5 7. e5 Qc7 8. Nc3 Nc6 9. exf6 Qxf4 10. fxe7 Bxe7 11. Nd5 Qe5+ 12. Kf2 O-O 13. c3 Rb8 14. Qd2 Re8 15. f4 Qe4 16. Nf3 c4 $132 {½-½ Puranen,J-Rytshagov,M/Helsinki 1995/EXT 98 (39)}) 6... bxc5 7. e4 d6 $6 $146 {An unsuccessful idea. Black doesn't prevent white from playing e4-e5. More than that, it becomes even more powerful.} (7... Nc6 8. Bc4 (8. Nd5 d6 9. Nxf6+ gxf6 10. Qd2 Qb6 11. b3 f5 12. c3 Bg7 13. Bc4 Ne5 14. Bxe5 Bxe5 15. exf5 Bxf5 16. Ne2 Rd8 $132 {1-0 Pomes Marcet,J-Oms Pallise,J/Linares 1998/EXT 99 (20)}) 8... d6 (8... Qa5 9. Nge2 g6 10. O-O d6 11. Nd5 Nd7 12. Bd2 Qd8 13. Bc3 Rg8 14. f4 $16 {0-1 Meszaros,G-Timoscenko,G/Slovakia 1997/EXT 99 (40)}) 9. e5 dxe5 10. Qxd8+ Kxd8 11. O-O-O+ Bd7 12. Bb5 exf4 13. Bxc6 Rc8 14. Bxd7 Nxd7 15. Nh3 $14 {1-0 Kasparov,G-Reinderman,D/Wijk aan Zee 1999/CBM 68 ext (47)}) 8. e5 $1 dxe5 (8... Nh5 $2 9. Qd5 Nxf4 10. Qxa8 $18) 9. Qxd8+ Kxd8 10. O-O-O+ Nbd7 11. Bxe5 {White is ahead of black in development. Black's additional problem is a serious weakness on c5.} Bb7 $146 {It's not easy to find a safe place for black's monarch. Black is trying to keep it on he queen-side.} ({White has a great advantage after:} 11... a6 12. Nh3 Ke8 13. Bg3 e6 14. Nf2 Bb7 15. Nfe4 Nxe4 16. Nxe4 $16) ({RR} 11... e6 12. Nh3 h6 13. Nb5 a6 14. Nd6 Bxd6 15. Bxd6 Ke8 16. a4 Bb7 17. a5 Nd5 18. Nf4 Ne3 19. Rd2 Nf5 20. Bc4 g5 21. Nxe6 fxe6 22. Re1 Nxd6 23. Rxe6+ Kd8 24. Rexd6 Rh7 25. Be6 Bc8 26. g3 {Wirig,A (2499)-Heinemann,J (2281) Chess.com INT 2020 ½-½ (52)}) ({RR} 11... e6 12. Nh3 h6 13. Nb5 a6 14. Nd6 Bxd6 15. Bxd6 Ke8 16. a4 Bb7 17. a5 Nd5 18. Nf4 Ne3 19. Rd2 Nf5 20. Bc4 g5 21. Nxe6 fxe6 22. Re1 Nxd6 23. Rxe6+ Kd8 24. Rexd6 Rh7 25. Be6 Bc8 26. g3 {Wirig,A (2499)-Heinemann,J (2281) Chess.com INT 2020 ½-½ (52)}) 12. Nh3 Kc8 {In my opinion, better was to keep the monarch in the centre.} ({More to the point was:} 12... a6 13. Bc4 Ke8 14. Bg3 e6 (14... Nb6 15. Bd3 $14) 15. Rhe1 Be7 $14 {with a worse but solid position.}) 13. Bg3 {[%cal Gh3g5]} h6 ({After} 13... g6 {white has to exchange the main defender of the dark squares:} 14. Bc4 e6 15. Nb5 $1 $16 {with an obvious advantage.}) 14. Bc4 e6 15. Nf4 Be7 $6 {An additional inaccucy, which allows white to seize a strong and stable initiative.} ({Better was:} 15... Nb6 $142 16. Bd3 ({the sacrifice is not so clear:} 16. Nxe6 $6 fxe6 17. Bxe6+ Nfd7 $1 (17... Nbd7 $2 18. Ne4 Bc6 $8 19. Nxf6 gxf6 20. Bf5 $1 $16 {[%csl Rh7,Rh8][%cal Yf5h7,Gh1e1]}) 18. Rd2 g5 $1 19. Rhd1 Rh7 20. Ne4 Bxe4 21. fxe4 c4 $1 {[%cal Gf8c5] and although the pin is quite unpleasant,i don't see how white can make progress here.}) 16... Be7 $14) 16. Nb5 $1 {White's play is very energetical and concrete - he prevents black from consolidating.} g5 {That move weakens black's kside and will cause black very soon.} ({On the other side, I can hardly recommend something better:} 16... Nb6 $2 17. Bxe6+ $1 fxe6 18. Ng6 Re8 19. Nxe7+ Rxe7 20. Nd6+ Kb8 21. Nf5+ Rc7 22. Nxg7 $18) (16... Rd8 17. Bxe6 $1 fxe6 18. Nxe6 $16) 17. Nd3 Bd5 (17... Ne8 18. Ne5 (18. Rhe1 $5) (18. h3 $5 Nb6 19. Ne5) 18... Nxe5 19. Bxe5 Rg8 20. h3 a6 21. Nc3 $16 {[%cal Gc3a4]}) ({Black had no time to exchange a pair of kingside pawns:} 17... g4 18. Nc7 $1 gxf3 (18... Rb8 19. Nxe6 fxe6 20. Bxe6 $16 Ra8 $140 $2 21. Ne5 Rd8 22. Bh4 $18 {[%csl Re7][%cal Gh4e7,Ge5d7]}) 19. Nxa8 fxg2 20. Rhg1 Bxa8 21. Ba6+ Bb7 22. Bxb7+ Kxb7 23. Rxg2 $16) 18. Bxd5 Nxd5 19. Rhe1 a6 {Black is trying to simplify the position, but white's dark-squared bishop will be much stronger than black's knight.} ({An attempt to avoid a loss of ''c'' pawn fails to:} 19... c4 20. Ne5 Nxe5 21. Bxe5 Rd8 22. Re4 Nb6 23. Nc7 Rxd1+ 24. Kxd1 Rb8 25. Nxe6 $1 $16) ({More resistant was:} 19... Kb7 20. c4 (20. Nf2 $5 N7b6 21. Ne4) 20... N5b6 21. b3 $16 {[%csl Rb6,Rc5] although white has a winning position from strategical point of view.}) 20. Nd6+ Bxd6 21. Bxd6 c4 22. Ne5 (22. Nb4 N7b6 23. Nxd5 Nxd5 24. Re4 $6 (24. Be5 $142 {-22.Ne5}) 24... Kd7 25. Be5 Rhc8 $14) 22... Nxe5 $8 23. Bxe5 Rd8 ({After} 23... f6 24. Bd4 Re8 25. b3 $1 {black has too many weaknesses. For example:} cxb3 (25... c3 26. Rd3 Kb7 27. Bxc3 Nxc3 28. Rxc3 $18) 26. axb3 Kc7 27. c4 e5 28. Bxe5+ fxe5 29. Rxd5 $18) 24. Re4 Nb6 ({An attempt to reach some counterplay fails to} 24... Kb7 25. Rxc4 f6 (25... Ne3 26. Rc7+ Kb6 27. Rdd7 $1 Rxd7 28. Rxd7 $18) 26. Bg3 Ne3 27. Rb4+ Kc6 28. Re1 $18) 25. Rxd8+ Kxd8 26. Bg7 $1 {Suddenly the drawback of 16...g5 becomes very significant in the endgame! Black cannot avoid a loss of pawn.} Ke7 27. Bxh6 f6 (27... Rg8 28. Rg4 f6 29. h4 $18) 28. h4 gxh4 29. Rxh4 $18 {White has already an extra pawn, while the ''c4'' pawn is still very weak. White's only goal is preventing black from getting any counterplay.} Rh8 (29... Rg8 30. Be3 {-29...Rh8.}) 30. Bg5 Rg8 31. Be3 $1 {It's important to take control on ''e3'' spot.} ({Less convincing was:} 31. Rh7+ Kd6 32. Bxf6 Rxg2 33. Bd4 Nd5 {and black's pieces are quite active.}) 31... Nd5 32. Bc5+ Kd7 33. Rxc4 Rxg2 34. Rg4 Rh2 ({The endgame after} 34... Rxg4 35. fxg4 Kc6 36. Bf2 $18 {is completely hopeless for black.}) 35. c4 $1 {The knight has to leave an excellent central square.} Nc7 36. Rd4+ Kc6 37. Bb4 {[%cal Gd4d6] A decisive penetration of white's rook is unavoidable.} Rf2 (37... Ne8 38. Rd8 a5 39. Rxe8 (39. Be7 $6 Rf2 $1 40. Rxe8 Kd7) 39... axb4 40. Rxe6+ Kc5 41. Re4 $18 {[%cal Ge4f4]}) 38. Rd6+ Kb7 39. Ba5 {[%csl Rc7][%cal Gd6d7]} Rf1+ {There are no chances for black, so the rest is just an agony.} (39... Na8 40. Rxe6 Rxf3 41. c5 $18) 40. Kd2 Rf2+ 41. Ke3 Rc2 (41... Rxb2 42. Rd7 $18) 42. Kd3 Rc1 (42... Rc1 {As I know from tournament practice, after the game arbiters are usually put white's king on e4 if white wins. That's why it looks like black has resigned after 42...c1, as 43.e4?? is just a blunder.} 43. Ke4 ({Black has probably resigned in view of:} 43. Bxc7 Kxc7 44. Rxe6 $18) ({or} 43. Rb6+ Ka7 44. Rc6 $18) ({because after} 43. Ke4 $4 Rxc4+ {the resignation looks unbelievable.})) 1-0

[Event "Sigeman & Co 12th"]
[Site "Malmo/Copenhagen"]
[Date "2004.05.02"]
[Round "3"]
[White "Hillarp Persson, Tiger"]
[Black "Carlsen, Magnus"]
[Result "0-1"]
[WhiteElo "2513"]
[BlackElo "2552"]
[PlyCount "120"]
[EventDate "2004.04.30"]
[EventType "tourn"]
[EventRounds "9"]
[EventCountry "SWE"]
[EventCategory "13"]
[SourceTitle "CBM 101"]
[Source "ChessBase"]
[SourceDate "2004.07.27"]
[SourceVersion "1"]
[SourceVersionDate "2004.07.27"]
[SourceQuality "1"]

1. d4 {Leko,Peter} Nf6 2. c4 g6 3. f3 e5 4. dxe5 Nh5 5. Nh3 Nc6 6. Bg5 Be7 7. Bxe7 Qxe7 8. Nc3 Qxe5 9. g4 Ng7 10. f4 Qe7 11. Nd5 Qd8 12. Qd2 O-O 13. Qc3 Ne8 14. Nf2 $146 ({RR} 14. g5 Ne7 15. Nf6+ Nxf6 16. gxf6 Nf5 17. e4 Re8 18. Ng5 c5 19. O-O-O Nd4 20. e5 d6 21. Nf3 Bg4 22. Nxd4 Bxd1 23. Nb5 dxe5 24. fxe5 Ba4 25. Nd6 Re6 26. Bg2 Rxd6 27. exd6 Qxd6 28. Bxb7 Re8 {Kramnik,V (2780)-Leko,P (2665) Tilburg 1998 EXT 1999 [Leko,Peter] 0-1 (45)}) ({RR} 14. O-O-O Ne7 15. Nf2 Nxd5 16. cxd5 d6 17. h4 c6 18. h5 cxd5 19. Kb1 Nf6 20. Bg2 Qe7 21. h6 Ne8 22. Bxd5 Be6 23. Qf3 Bxd5 24. Rxd5 Rc8 25. Rhd1 Rc6 26. R5d3 f5 27. g5 Nc7 28. Rb3 Ne6 {Votava,J (2530)-Jansa,V (2475) Germany 2006 1-0 (53)}) 14... Ne7 15. g5 Nxd5 16. cxd5 d6 17. h4 Ng7 18. h5 Qe7 19. Bg2 Bf5 20. h6 Ne8 21. e4 f6 22. gxf6 Nxf6 23. O-O-O Bd7 24. Bf3 c6 25. dxc6 Bxc6 26. Qd4 Nd7 27. Nh3 Nc5 28. Rhe1 Rae8 29. f5 Nxe4 30. Rxe4 Bxe4 31. Bxe4 Qe5 32. Qxe5 Rxe5 33. Ng5 Rc8+ 34. Kb1 gxf5 35. Bd5+ Kf8 36. Nxh7+ Ke7 37. Ng5 Rh8 38. h7 Kf6 39. Nf3 Re3 40. Rh1 Kg6 41. Rg1+ Kf6 42. Ng5 f4 43. Bxb7 Kf5 44. Bd5 Rg3 45. Nf3 Rxg1+ 46. Nxg1 Rxh7 47. Nf3 Rc7 48. b4 Rc3 49. Kb2 Rd3 50. Bc6 d5 51. Ne1 Rd1 52. Nf3 Rd3 53. Ne1 Rd1 54. Nf3 Ke4 55. Kc2 Rd3 56. Nd2+ Ke3 57. Nb3 d4 58. b5 f3 59. a4 Rxb3 60. Kxb3 d3 0-1